000 00758nam a22002177a 4500
003 OSt
005 20230830133222.0
008 221006b |||||||| |||| 00| 0 eng d
040 _cBiblioteca Lado V
082 _a730
_bR457r
100 _9994
_aReyes, Sydia
_eautor
245 _aRefugios/
_bEsculturas e Instalaciones/
260 _bMuseo de arte Contemporáneo de Caracas Sofía Imber
_c1995
_aVenezuela
300 _c21.5x28cm
_a19p.
366 _espa
650 _2Tesauro de Arte & Arquitectura
_aARTE
_9703
650 _2Tesauro de Arte & Arquitectura
_aEXHIBICION
_9702
650 _2Tesauro de Arte & Arquitectura
_aESCULTURA
_9702
650 _2Tesauro de Arte & Arquitectura
_aINSTALACIONES
942 _2ddc
_c1
_h730
_iR457r
_n0
999 _c4241
_d4241